00861cam6a220020500 4500001001200000003000500012005001700017008004100034035001900075035002200094040000900116100009100125245012200216260004100338500004800379651016000427949004500587004000600632999001700638tmp15751952UPRA20190816101058.0951019s1896 po por u a(Sirsi) r39244 a(UPRA)tmp15751952 cUPRA2 aCampos Junior, Antonio de, 1850-1917.dCampos Junior, Antonio de, 1850-1917.6A92938.110aVictorias d'Africa :ba defeza de Lourenco Marques et as campanhas do valle do incomati e do paiz de Gaza, 1894-1895. aLisboa :bTyp.- Rua do Norte,c1896. aAt head of title: Antonio de Campos Junior. 0aMozambique -- Military history -- 19th century.xMozambique -- Military history -- 19th century.yMozambique -- Military history -- 19th century.6S66551.1 aDT463wlcci-47148mMAINtBOOKlON-SHELF39244 c85922d85922